Statistics for Capital Picture Puzzle Quiz #2

Click here to take the quiz!

General Stats

  • This quiz has been taken 19 times
  • The average score is 16 of 27

Answer Stats

Answer% Correct
Tirana
94%
A
88%
Koala
88%
Kuala Lumpur
88%
Ran
88%
Ring
88%
Tie
88%
Row
82%
Well
82%
Purrrr
76%
Wellington
76%
Town
71%
Chalk
65%
King
65%
Kingstown
65%
Lie
59%
Neigh
59%
Tin
53%
Loo
47%
Nairobi
41%
Bye
35%
Pole
29%
Tripoli
18%
Try
12%
Boo
0%
Bucharest
0%
Rest
0%

Score Distribution

Percentile by Number Answered

Percent of People with Each Score

Your Score History

You have not taken this quiz